000 00686cam a2200229 4500500
005 20260405004113.0
041 _afre
042 _adc
100 1 0 _aOrtoli, Sven
_eauthor
700 1 0 _aLarmagnac-Matheron, Octave
_eauthor
245 0 0 _aL’abécédaire du paresseux
260 _c2023.
500 _a51
690 _aLenteur
690 _aLoisirs
690 _aMollesse
690 _aparesse
690 _aPatience
690 _aSieste
786 0 _nPhilosophie magazine - Hors séries | Hors série - Été 2023 | HS58 | 2023-07-01 | p. 4-12 | 2104-9246
856 4 1 _uhttps://shs.cairn.info/magazine-philosophie-magazine-hs58-page-4?lang=fr&redirect-ssocas=7080
999 _c2073716
_d2073716